Ricostruisci la Carriera del Calciatore - Nemanja Vidić - Statistics

Statistiche generali
  • Questo quiz è stato fatto 2 volte
  • Il punteggio medio è 3 su 5
Statistiche sulle risposte
Hint Risposta % Corretto
2014-2016 Inter
100%
2006-2014 Manchester Utd
100%
2004-2006 Spartak Mosca
50%
2000-2004 Stella Rossa
50%
2000-2001 Spartak Subotica
0%
Nessun quiz corrispondente trovato
Distribuzione punteggi
Percentuale di utenti per punteggio
Percentile per numero di risposta
I tuoi punteggi nel tempo
Non hai fatto questo quiz